|
|
|
|
| LEADER |
00000nab a2200000 a 4500 |
| 001 |
vtls000273085 |
| 003 |
SK-MaSNL |
| 005 |
20260304061728.0 |
| 008 |
250422c1987 xo 0 slo |
| 015 |
|
|
|a SNBRB19rr/mm-uuuuu
|
| 035 |
|
|
|a CL0283199
|
| 035 |
|
|
|a urn:nbn:sk:snk-abbgpz
|
| 035 |
|
|
|a (urnnbn)urn:nbn:sk:snk:ar-0001gx
|
| 035 |
|
|
|a (uuid)40adbeab-8f3a-42e5-af5b-b28aa29b7c69
|
| 040 |
|
|
|a SNKBUCL
|b slo
|c SNKBUCL
|e AACR2
|
| 041 |
0 |
|
|a slo
|
| 044 |
|
|
|a xo
|c SK
|
| 080 |
|
|
|a 885.4-1
|2 1981
|
| 100 |
1 |
|
|a Prokešová, Viera,
|d 1957-2008
|4 aut
|9 98786
|
| 245 |
1 |
0 |
|a Slnečnica. Návšteva. Nedeľný obed
|c Viera Prokešová
|
| 500 |
|
|
|a Dotyky - príloha pre mladú literatúru.
|
| 655 |
|
7 |
|a slovenská poézia
|2 snkbucl
|9 70444
|
| 655 |
|
7 |
|a články z novín a časopisov
|2 snkbucl
|9 267496
|
| 773 |
0 |
|
|t Romboid
|g Roč. 22, č. 3 (1987), s. 108-109
|
| 850 |
|
|
|a Slovenská národná knižnica
|
| 852 |
|
|
|a Slovenská národná knižnica
|
| 958 |
|
|
|a article15
|
| 958 |
|
|
|a OND
|
| 958 |
|
|
|a RK
|
| 958 |
|
|
|a LX
|
| 958 |
|
|
|a EUIPO
|
| 992 |
|
|
|a RBX
|
| 999 |
|
|
|c 2734603
|d 2736533
|